000 00201nam a22000857a 4500
008 170303b xxu||||| |||| 00| 0 eng d
100 _93018
_aNCERT
245 _aPhysics-XII
260 _aNew Delhi
_bNCERT
_c2007
999 _c6261
_d6261